| 000 | 00876cam a2200277 a 4500 | ||
|---|---|---|---|
| 001 | 15565 | ||
| 003 | BD-RjUL | ||
| 005 | 20211208235838.0 | ||
| 008 | 140210s1982 caua b 001 0 eng | ||
| 020 | _a0875895425 | ||
| 035 | _a(BD-RjUL)15620 | ||
| 040 |
_aDLC _cDLC _dDLC _dBD-RjUL _beng |
||
| 041 | _aeng | ||
| 082 | 0 | 0 |
_a658.404 _219 _bADM 1982 |
| 245 | 0 | 4 |
_aThe Administration of sponsored programs / _cKenneth L. Beasley ... [et al.]. |
| 250 | _a1st ed. | ||
| 260 |
_aSan Francisco : _bJossey-Bass, _c1982. |
||
| 300 |
_axxiv, 433 p. : _bill. ; _c24 cm. |
||
| 504 | _aBibliography: p. 410-417. and index. | ||
| 650 | 0 |
_aResearch _xManagement. _948324 |
|
| 700 | 1 |
_aBeasley, Kenneth L. _948325 |
|
| 942 |
_2ddc _cBK |
||
| 999 |
_c15565 _d15565 |
||